| 000 | 00661 a2200193 4500 | ||
|---|---|---|---|
| 999 |
_c8577 _d8577 |
||
| 010 | _aENG-88508 | ||
| 020 |
_a8190080237 _c190.00 |
||
| 035 | _aEN-72041 | ||
| 037 | _bDBAD / PUB | ||
| 082 | 1 | 4 | _a370.113 |
| 100 | _aNadkarni, S.S. | ||
| 245 | 1 |
_aThe fast track career: _cby S.S. Nadkarni; illustrations by S.D. Phadnis _bthe medical representative/ |
|
| 250 | _a4th ed | ||
| 260 |
_aMumbai _bVikas Medical Book House _c2007 |
||
| 270 |
_aR-2, Dalal Estate, Near Mumbai Central Railway Bridge, Belasis Road, _bMumbai _e400 008 |
||
| 300 |
_axxvii, 349p. _c22cm (pbk) _bill. |
||
| 500 | _aIncludes index | ||
| 942 |
_adpl _cEN _2ddc _h370.113 _mNAD |
||